000 00340pab a2200145 454500
008 180718b1983 xxu||||| |||| 00| 0 eng d
100 _aThomas, Jos
245 _aLocal government and people's power
260 _c1983
300 _a30
362 _a2 July
650 _aLocal Government - India
773 _aMainstream
909 _a12748
999 _c12748
_d12748